Recursos em Matřia Eleitoral 10.® ediȯ̂ revista, atualizada e ampliada /

Detalles Bibliográficos
Autor principal: Costa, Tito
Formato: eBook
Lenguaje:portugués
Publicado: San Pablo: Letras Jurídicas Editora, 2015
Edición:Dčima edicin̤
Materias:
Acceso en línea:Acceso restringido

MARC

LEADER 00000nam a22000007a 4500
005 2021010507217.0
007 cr|||| ||||
008 210105s2015 br |||||s|||| 00||0 por d
020 |a 978-85-8248-83-2 
035 |a 32509 
040 |a vLex 
090 |c 11061  |d 11061 
100 1 |a Costa, Tito 
245 1 0 |a Recursos em Matřia Eleitoral  |h [Recurso electrn̤ico] :  |b 10.® ediȯ̂ revista, atualizada e ampliada /  |c Tito Costa 
250 |a Dčima edicin̤ 
256 |a Servicio en ln̕ea 
260 |a San Pablo:  |b Letras Jurídicas Editora,  |c 2015 
300 |a 1 recurso electrn̤ico 
500 |a "Este ̌um livro pioneiro em sua r̀ea. Surgiu em 1968 a primeira ediȯ̂ quando ainda era escassa a literatura sobre Direito Eleitoral. 
506 1 |a Disponible solo en los productos indicados  |d vLex Global  |d vLex Global (Academic Edition, excluding Law Schools)  |d vLex Global (U.S. Academic Edition, Law Schools)  |d vLex Global (U.S. Academic Edition, excluding Law Schools)  |d vLex Global (Academic Edition, Law Schools) 
650 0 4 |a Rǧimen Electoral  |z Brasil 
740 0 |a vLex Libros (Servicio en ln̕ea) 
856 4 0 |u http://vlex.com/source/recursos-em-materia-eleitoral-10-edi-o-revista-atualizada-e-ampliada-32509  |z Acceso restringido 
942 |c BOOK 
999 0 |a Electoral Regime